00542 2200217 4500001002100000005001700021008004100038035002400079082001200103090001900115100002200134245004000156250001100196260002700207300001900234650001700253850001800270980001500288985000600303999001500309YOGYA-0209000002036120090227023420.0 ind  0010-020900000020361 a345.072 a345.072bMar P aMARTOSEDONO, Amir aPraperadilancoleh Amir Martosedono aCet. 3 aSemarangbDahara Prize a131 hlmc17 cm apraperadilan aYOPDYOGBadran a23-06-2006 a1 a9600P85410